<?xml version="1.0" encoding="UTF-8"?>
<collection xmlns="http://www.loc.gov/MARC21/slim">
 <record>
  <leader>     na                 </leader>
  <controlfield tag="001">INLIS000000000000043</controlfield>
  <controlfield tag="005">20221108103019</controlfield>
  <datafield tag="035" ind1=" " ind2=" ">
   <subfield code="a">0010-0520000043</subfield>
  </datafield>
  <controlfield tag="008">221108                |          | ind  </controlfield>
  <datafield tag="020" ind1=" " ind2=" ">
   <subfield code="a">978-979-97057-3-0</subfield>
  </datafield>
  <datafield tag="041" ind1=" " ind2=" ">
   <subfield code="a">ind</subfield>
  </datafield>
  <datafield tag="082" ind1=" " ind2=" ">
   <subfield code="a">347.598035</subfield>
  </datafield>
  <datafield tag="084" ind1=" " ind2=" ">
   <subfield code="a">347.598035 POM r</subfield>
  </datafield>
  <datafield tag="100" ind1="0" ind2=" ">
   <subfield code="a">Pompe, Sebastiaan</subfield>
  </datafield>
  <datafield tag="245" ind1="1" ind2=" ">
   <subfield code="a">Runtuhnya Institusi Mahkamah Agung /</subfield>
   <subfield code="c">Sebastiaan Pompe</subfield>
  </datafield>
  <datafield tag="260" ind1=" " ind2=" ">
   <subfield code="a">Jakarta :</subfield>
   <subfield code="b">Lembaga Studi Advokasi Independensi Peradilan Indonesia,</subfield>
   <subfield code="c">2014</subfield>
  </datafield>
  <datafield tag="300" ind1=" " ind2=" ">
   <subfield code="a">698 hlm. ; 24 cm. ;</subfield>
   <subfield code="c">24 cm.</subfield>
  </datafield>
  <datafield tag="520" ind1=" " ind2=" ">
   <subfield code="a">Studi ini menempuh jalan panjang untuk menjawab pertanyaan-pertanyaan paling mendasar tentang kegagalan sebuah system peradilan bukan Cuma Mahkamah Agung- dan segala konsekuensinya. Karya ini sangat boleh jadi akan menjadi bacaan klasik atau, paling tidak, bacaan esensial bagi siapa saja yang berminat dengan sejarah Indonesia modern,kompleksitas distorsi dan kegagalan kelembagaan, dan studi komperatif badan-badan peradilan. Sekaligus ini adalah sejarah luar biasa mendalam tentang Mahklamah Agung dan upaya amat besar untuk mencari sebab-sebab kemerosotannya menuju korupsi dan ketergantungan, yang tak pelak melibatkan seluruh system peradilan sipil-dan tanpa banyak perlawanan. Bukan itu saja, dalam analisis Pompe kita bisa mulai memahami mengapa reformasi hukum berjalan sedemikian a lot sejak 1998, bahkan kita bisa mengamati beberapa implikasi bagi strategi-strategi rasional reformasi itu. Tak lama setelah disertasi orisinal penulis disampaikan di Fakultas Hukum Universitas Leiden dan beberapa salinan sampai ke Indonesia, temuan-temuan tentang kesalahan Mahkamah Agung mengegerkan berbagai kelompok kepentingan di Jakarta. Setelah direvisi untuk keperluan penerbitan, studi sejarah hukum dan politik Indonesia dan beberapa diskusi penting tentang bagaimana, dan apa konsekuensinya, Negara Indonesia berubah selama lima puluh tahun terakhir.</subfield>
  </datafield>
  <datafield tag="650" ind1=" " ind2="4">
   <subfield code="a">Indonesia. Mahkamah Agung; Indonesia. Mahkamah Agung – History</subfield>
  </datafield>
  <datafield tag="650" ind1=" " ind2="4">
   <subfield code="a">Indonesia. Mahkamah Agung -- Officials and employees</subfield>
  </datafield>
  <datafield tag="650" ind1=" " ind2="4">
   <subfield code="a">Courts -- Indonesia.</subfield>
  </datafield>
  <datafield tag="700" ind1="0" ind2=" ">
   <subfield code="a">Nur Cholis (Penerjemah)</subfield>
  </datafield>
  <datafield tag="990" ind1=" " ind2=" ">
   <subfield code="a">23409/MKRI-P/XI-2014</subfield>
  </datafield>
  <datafield tag="990" ind1=" " ind2=" ">
   <subfield code="a">23407/MKRI-P/XI-2014</subfield>
  </datafield>
  <datafield tag="990" ind1=" " ind2=" ">
   <subfield code="a">23410/MKRI-P/XI-2014</subfield>
  </datafield>
  <datafield tag="990" ind1=" " ind2=" ">
   <subfield code="a">23410/MKRI-P/XI-2014</subfield>
  </datafield>
  <datafield tag="990" ind1=" " ind2=" ">
   <subfield code="a">23409/MKRI-P/XI-2014</subfield>
  </datafield>
  <datafield tag="990" ind1=" " ind2=" ">
   <subfield code="a">23407/MKRI-P/XI-2014</subfield>
  </datafield>
 </record>
</collection>
